Focus (Record no. 78997)

MARC details
000 -LEADER
fixed length control field 00886cab a22002175a 4500
001 - CONTROL NUMBER
control field L138813
008 - FIXED-LENGTH DATA ELEMENTS--GENERAL INFORMATION
fixed length control field 070712e20070707xxko f 000 0 eng d
035 ## - SYSTEM CONTROL NUMBER
System control number (Sirsi) u138813
041 0# - LANGUAGE CODE
Language code of text/sound track or separate title eng
100 1# - MAIN ENTRY--PERSONAL NAME
Personal name Cunningham, Daniel
245 00 - TITLE STATEMENT
Title Focus
Remainder of title Surrey, Sussex and Kent
260 ## - PUBLICATION, DISTRIBUTION, ETC.
Date of publication, distribution, etc. 2007
490 ## - SERIES STATEMENT
Series statement Estates Gazette
Volume/sequential designation (0727) 7 July 2007, 145-159(7)
520 ## - SUMMARY, ETC.
Summary, etc. Reports that commercial property markets across the region are lacking stock and prime land in parts, but maintaining a stable performance. Investors are competing for prime space, but showing little interest in secondary stock. Despite the retail market cooling elsewhere in the UK, the South East's remains constant.
590 ## - LOCAL NOTE (RLIN)
Local note KA
651 #4 - SUBJECT ADDED ENTRY--GEOGRAPHIC NAME
Geographic name England
Chronological subdivision 886-
690 ## - LOCAL SUBJECT ADDED ENTRY--TOPICAL TERM (OCLC, RLIN)
Topical term or geographic name as entry element PROPERTY-COMMERCIAL PROPERTY-COMMERCIAL PROPERTY MARKET
700 1# - ADDED ENTRY--PERSONAL NAME
Personal name Clarkson, Melanie
700 ## - ADDED ENTRY--PERSONAL NAME
Personal name Robson, Claire
942 ## - ADDED ENTRY ELEMENTS (KOHA)
Suppress in OPAC 0
Holdings
Withdrawn status Lost status Source of classification or shelving scheme Damaged status Not for loan Home library Current library Shelving location Date acquired Total Checkouts Full call number Barcode Date last seen Copy number Price effective from Koha item type
    Dewey Decimal Classification     London London Journal article 12/07/2007   L138813 138813-1001 06/08/2019 1 06/08/2019 Journal article